000 01276cam a22003134a 4500
001 14165084
003 OSt
005 20140310182434.0
008 051104s2006 nyua b 001 0beng
010 _a 2005032435
020 _a0071459219 (pbk.)
035 _a(OCoLC)ocm62282224
040 _aDLC
_cDLC
_dYDX
_dBAKER
_dIK6
_dDLC
042 _apcc
050 0 0 _aRG 559
_b.B758 2006
100 1 _aBrown, Judith E.
_98137
245 1 0 _aWhat to eat before, during, and after pregnancy /
_cJudith E. Brown.
260 _aNew York :
_bMcGraw-Hill,
_cc2006.
300 _axvii, 244 p. :
_bill. ;
_c23 cm.
650 0 _aPregnancy
_xNutritional aspects.
_98138
700 1 _aBrown, Judith E.
_tNutrition and pregnancy.
_98139
856 4 1 _3Table of contents only
_uhttp://www.loc.gov/catdir/toc/ecip063/2005032435.html
856 4 2 _3Contributor biographical information
_uhttp://www.loc.gov/catdir/enhancements/fy0623/2005032435-b.html
856 4 2 _3Publisher description
_uhttp://www.loc.gov/catdir/enhancements/fy0623/2005032435-d.html
906 _a7
_bcbc
_corignew
_d1
_eecip
_f20
_gy-gencatlg
942 _2lcc
_cSSLC
999 _c13406
_d13406